000 00924nam a2200289Ia 4500
001 dia_2889
003 CHAP
005 20230518132839.0
008 220117s1975 xx 000 0 und d
010 _a173389
040 _cCHAP
082 _a664.809 B42 1975
100 _aBecerra Ibarra, Félix
_911133
245 _aEmpaque e industrialización del mango en México /
_c por Félix Becerra Ibarra y Luis Humberto Marín Pérez
260 _aMéxico :
_b Conafrut,
_c1975
300 _a131 p.
400 _aSERIE ESPECIAL, FPLLETP, 32
503 _aD.
650 _aEmpresa industrial frutícola
_xOrganización
_9153688
650 _aMango
_xEmpaque
_970409
650 _aMango
_xIndustrialización
_9153689
700 _aMarín Pérez, Luis, coaut.
_9153690
901 _a664.809 B42 1975
902 _aM
905 _a0000001975 mx adin0100000000spa00
942 _cLIBRO
_2ddc
999 _c173389
_d173389